Normal view
MARC view
- James P.Schaffer
Entry Personal Name
001 - CONTROL NUMBER
- control field: 54253
003 - CONTROL NUMBER IDENTIFIER
- control field: NUST
005 - DATE AND TIME OF LATEST TRANSACTION
- control field: 20210421115923.0
008 - FIXED-LENGTH DATA ELEMENTS
- fixed length control field: 210421|| aca||aabn | a|a d
040 ## - CATALOGING SOURCE
- Original cataloging agency: NUST
- Transcribing agency: NUST
100 ## - HEADING--PERSONAL NAME
- Personal name: James P.Schaffer
670 ## - SOURCE DATA FOUND
- Source citation: Work cat.: (NUST): James P.Schaffer, The Science and Design of Engineering Materials 2nd, 1999
